<?xml version="1.0" encoding="UTF-8"?><?xml-stylesheet type="text/xsl" href="static/style.xsl"?><OAI-PMH xmlns="http://www.openarchives.org/OAI/2.0/" xmlns:xsi="http://www.w3.org/2001/XMLSchema-instance" xsi:schemaLocation="http://www.openarchives.org/OAI/2.0/ http://www.openarchives.org/OAI/2.0/OAI-PMH.xsd"><responseDate>2026-04-17T02:59:19Z</responseDate><request verb="GetRecord" identifier="oai:www.recercat.cat:2072/476594" metadataPrefix="marc">https://recercat.cat/oai/request</request><GetRecord><record><header><identifier>oai:recercat.cat:2072/476594</identifier><datestamp>2025-07-29T23:04:22Z</datestamp><setSpec>com_2072_98</setSpec><setSpec>col_2072_378192</setSpec></header><metadata><record xmlns="http://www.loc.gov/MARC21/slim" xmlns:dcterms="http://purl.org/dc/terms/" xmlns:xsi="http://www.w3.org/2001/XMLSchema-instance" xmlns:doc="http://www.lyncode.com/xoai" xsi:schemaLocation="http://www.loc.gov/MARC21/slim http://www.loc.gov/standards/marcxml/schema/MARC21slim.xsd">
   <leader>00925njm 22002777a 4500</leader>
   <datafield ind2=" " ind1=" " tag="042">
      <subfield code="a">dc</subfield>
   </datafield>
   <datafield ind2=" " ind1=" " tag="720">
      <subfield code="a">Quilez Domínguez, Mariona</subfield>
      <subfield code="e">author</subfield>
   </datafield>
   <datafield ind2=" " ind1=" " tag="260">
      <subfield code="c">2024</subfield>
   </datafield>
   <datafield ind2=" " ind1=" " tag="520">
      <subfield code="a">Obra ressenyada: Sarai MARTÍN, "Singles. Una aproximación a las fiestas para "solteros". BELLATERRA: Bellaterra Edicions, 2021.ISBN: 978-84-18684-14-2.</subfield>
   </datafield>
   <datafield ind2=" " ind1=" " tag="520">
      <subfield code="a">Publicada a 2021, a Bellaterra Edicions, Singles. Una aproximación a las fiestas para "solteros" és una recerca antropològica que gira entorn el fenomen single, sorgit a principis dels 2000, el nínxol de mercat en el qual es veu circumscrit, i els consegüents canvis socials que fa sorgir a la concepció de parella i a les realitats familiars, convivencials i residencials. Sarai Martín ens condueix per la seva experiència, pretenent exposar les lògiques d'interacció de la sociabilitat single, l'ordre mercantilista que condiciona les trobades i el significat que cobren aquestes per l'individu en el procés de post-ruptura i al seu projecte vital.</subfield>
   </datafield>
   <datafield ind2=" " ind1=" " tag="520">
      <subfield code="a">Published in 2021, by Bellaterra Edicions, Singles. Una aproximación a las fiestas para "solteros" is an anthropological investigation that revolves around the single phenomenon, that emerged in the early 2000s, the market niche in which it is circumscribed, and the consequent social changes that has given rise to in the conception of the couple and familial, cohabitation, and residential realities. Sarai Martín takes us through her experience, pretending to expose the logic of interaction of single sociability, the mercantilist order that conditions the gatherings, and the meaning that these take for the single in the post-breakup process and their vital project.</subfield>
   </datafield>
   <datafield ind2=" " ind1=" " tag="520">
      <subfield code="a">Publicado en 2021 por Bellaterra Edicions, "Singles. Una aproximación a las fiestas para «solteros»" es una investigación antropológica que explora el fenómeno de los singles, surgido a principios de los años 2000, el nicho de mercado en el que se encuentra circunscrito, y los consiguientes cambios sociales que afectan la concepción de pareja y las realidades familiares, convivenciales y residenciales. Sarai Martín nos guía a través de su experiencia, intentando exponer las lógicas de interacción de la sociabilidad single, el orden mercantilista que condiciona los encuentros y el significado que estos adquieren para el individuo en el proceso post-ruptura y en su proyecto vital.</subfield>
   </datafield>
   <datafield ind2=" " ind1=" " tag="520">
      <subfield code="a">Publicado em 2021 pela Bellaterra Edicions, "Singles. Uma abordagem às festas para 'solteiros'" é uma pesquisa antropológica que explora o fenômeno dos singles, surgido no início dos anos 2000, o nicho de mercado em que está circunscrito, e as consequentes mudanças sociais que afetam a concepção de relacionamentos e as realidades familiares, conviviais e residenciais. Sarai Martín nos guia através de sua experiência, tentando expor as lógicas de interação da sociabilidade single, a ordem mercantilista que condiciona os encontros e o significado que estes adquirem para o indivíduo no processo pós-ruptura e em seu projeto de vida.</subfield>
   </datafield>
   <datafield tag="653" ind2=" " ind1=" ">
      <subfield code="a">Single</subfield>
   </datafield>
   <datafield tag="653" ind2=" " ind1=" ">
      <subfield code="a">Relación sexo-afectiva</subfield>
   </datafield>
   <datafield tag="653" ind2=" " ind1=" ">
      <subfield code="a">Mercado social</subfield>
   </datafield>
   <datafield tag="653" ind2=" " ind1=" ">
      <subfield code="a">Sociabilidad</subfield>
   </datafield>
   <datafield tag="653" ind2=" " ind1=" ">
      <subfield code="a">Etnografía</subfield>
   </datafield>
   <datafield tag="653" ind2=" " ind1=" ">
      <subfield code="a">Relação sexo-afetiva</subfield>
   </datafield>
   <datafield tag="653" ind2=" " ind1=" ">
      <subfield code="a">Sociabilidade</subfield>
   </datafield>
   <datafield tag="653" ind2=" " ind1=" ">
      <subfield code="a">Etnografia</subfield>
   </datafield>
   <datafield tag="653" ind2=" " ind1=" ">
      <subfield code="a">Sex-affective relationship</subfield>
   </datafield>
   <datafield tag="653" ind2=" " ind1=" ">
      <subfield code="a">Social market</subfield>
   </datafield>
   <datafield tag="653" ind2=" " ind1=" ">
      <subfield code="a">Sociability</subfield>
   </datafield>
   <datafield tag="653" ind2=" " ind1=" ">
      <subfield code="a">Ethnography</subfield>
   </datafield>
   <datafield tag="653" ind2=" " ind1=" ">
      <subfield code="a">Relació sexo-afectiva</subfield>
   </datafield>
   <datafield tag="653" ind2=" " ind1=" ">
      <subfield code="a">Mercat social</subfield>
   </datafield>
   <datafield tag="653" ind2=" " ind1=" ">
      <subfield code="a">Sociabilitat</subfield>
   </datafield>
   <datafield ind2="0" ind1="0" tag="245">
      <subfield code="a">Ressenya de "Singles. Una aproximación a las fiestas para "solteros""</subfield>
   </datafield>
</record></metadata></record></GetRecord></OAI-PMH>